| 000 | 00413nam a22001577a 4500 | ||
|---|---|---|---|
| 999 |
_c2208 _d2208 |
||
| 008 | 200217b ||||| |||| 00| 0 eng d | ||
| 082 | 0 | 0 |
_a671 _bD6316 |
| 100 |
_91791 _aDoan, Gilbert E. |
||
| 245 | 1 | 0 |
_a(The) principles of physical metallurgy _cby Gilbert E Doan |
| 250 | _a3rd | ||
| 260 |
_aNew York _bMcGraw-Hill _c1953 |
||
| 300 | _axi,331p. | ||
| 365 | _d27.00 | ||
| 650 | 0 | _aPhysical Metallurgy | |
| 942 | _cBK | ||